000 00474nam a2200157 i 4500
001 54988
003 ES-MaACL
005 20230906163048.0
007 t|
008 030910s1962 sp ||||1| spa d
110 2 _aMovimiento Nacional (España).
_bDelegación Nacional de Organizaciones.
_95782
245 1 0 _aEuropa en el mundo actual.
260 _a[S.l. :
_bs.n.,
_c1962] (
_eMadrid :
_fGráf. Osca)
300 _a586 p. ;
_c27 cm.
852 _aES-MaACL
_jC-22486
_bR.51008
999 _c54988
_d54988